Statistics for Tunisia First Level Subdivisions

Click here to take the quiz!

General Stats

  • This quiz has been taken 98 times
  • The average score is 13 of 24

Answer Stats

Wilaya'at% Correct
Tunis
100%
Sfax
69%
Sousse
65%
Tataouine
65%
Béja
62%
Ben Arous
62%
Bizerte
62%
Gafsa
62%
Monastir
62%
Ariana
58%
Gabès
58%
Kairouan
58%
Mahdia
54%
Siliana
54%
Kef
50%
Medenine
50%
Jendouba
46%
Kasserine
46%
Nabeul
46%
Tozeur
46%
Kebili
42%
Zaghouan
42%
Sidi Bouzid
38%
Manouba
35%

Score Distribution

Percentile by Number Answered

Percent of People with Each Score

Your Score History

You have not taken this quiz